Click the JetPunkers With Premium - Statistics

General Stats
  • This quiz has been taken 78 times
  • The average score is 13 of 25
Answer Stats
Hint Answer % Correct
kiwirage Has Premium
78%
cathlete Has Premium
75%
Dimby Has Premium
75%
youtubeplayer Has Premium
75%
Astana Has Premium
73%
FlabberBapper Has Premium
73%
Stewart Has Premium
73%
Baptistegorce Has Premium
73%
toowise Has Premium
73%
Insaniot Has Premium
68%
JustJoshing Has Premium
68%
Penguinish Has Premium
65%
DarthKnight Has Premium
60%
thread Not
43%
miki2003 Not
40%
Fifi567 Not
35%
Dekkie Not
35%
McKenzieFam Not
33%
skukka Not
33%
cuotak Not
33%
ItzIngenious Not
28%
Geoguy Not
28%
Jato Not
28%
HinesBrothers Not
25%
Elboy Not
23%
No matching quizzes found
Score Distribution
Percent of People with Each Score
Percentile by Number Answered
Your Score History
You have not taken this quiz